Electricidad / (Record no. 114848)

MARC details
000 -LEADER
campo de control de longitud fija 00598nam a2200217 i 4500
001 - NÚMERO DE CONTROL
campo de control 114848
003 - IDENTIFICADOR DE NÚMERO DE CONTROL
campo de control ES-MaACL
005 - FECHA Y HORA DE LA ÚLTIMA TRANSACCIÓN
campo de control 20230906190250.0
007 - CAMPO FIJO DE DESCRIPCIÓN FÍSICA--INFORMACIÓN GENERAL
campo de control de longitud fija t|
008 - DATOS DE LONGITUD FIJA--INFORMACIÓN GENERAL
campo de control de longitud fija 070403s1963 sp ||||1| spa d
080 ## - NÚMERO DE LA CLASIFICACIÓN DECIMAL UNIVERSAL
Número de la Clasificación Decimal Universal 621.3(02)
100 1# - ENTRADA PRINCIPAL--NOMBRE DE PERSONA
Nombre de persona Martín Romero, J.
9 (RLIN) 77636
245 10 - MENCIÓN DEL TÍTULO
Título Electricidad /
Mención de responsabilidad, etc. J. Martín Romero.
260 ## - PUBLICACIÓN, DISTRIBUCIÓN, ETC.
Lugar de publicación, distribución, etc. Barcelona :
Nombre del editor, distribuidor, etc. Ramón Sopena,
Fecha de publicación, distribución, etc. [1963]
300 ## - DESCRIPCIÓN FÍSICA
Extensión 962 p. :
Otras características físicas il. ;
Dimensiones 22 cm.
490 1# - MENCIÓN DE SERIE
Mención de serie Biblioteca Hispania
650 #4 - PUNTO DE ACCESO ADICIONAL DE MATERIA--TÉRMINO DE MATERIA
Término de materia o nombre geográfico como elemento de entrada Electrotecnia.
9 (RLIN) 12169
830 0# - PUNTO DE ACCESO ADICIONAL DE SERIE-TÍTULO UNIFORME
Título uniforme Biblioteca Hispania
9 (RLIN) 182087
852 ## - LOCALIZACIÓN
Ubicación ES-MaACL
Número de control de estantería C-25015
Sublocalización o colección R.53899
Holdings
Estatus retirado Estado de pérdida Estado de daño No para préstamo Biblioteca de origen Biblioteca actual Ubicación en estantería Fecha de adquisición Fuente de adquisición Total de préstamos Signatura topográfica completa Código de barras Visto por última vez Precio de reemplazo Tipo de ítem Koha
        Biblioteca del Ateneo de Madrid Biblioteca del Ateneo de Madrid Depósito 2 17/01/2008     C-25015 1119764 23/02/2023 23/02/2023 Libro impreso